[Event "ROM-ch (Women)"]
[Site "Eforie Nord"]
[Date "2024.02.26"]
[Round "4"]
[White "Ardelean, Lorela Daniela"]
[Black "Vorniceanu, Alina"]
[Result "0-1"]
[WhiteElo "1802"]
[BlackElo "1474"]
[PlyCount "96"]
[EventDate "2024.02.24"]
[EventType "swiss"]
[EventRounds "9"]
[EventCountry "ROU"]
[SourceTitle "CBM 219 Extra"]
[Source "ChessBase"]
[SourceDate "2024.05.31"]
[SourceVersion "1"]
[SourceVersionDate "2024.05.31"]
[SourceQuality "1"]

1. e4 d6 2. d4 Nf6 3. Nc3 g6 4. f3 Bg7 5. Be3 0-0 6. Qd2 Nc6 7. 0-0-0 e5 8. d5 Nd4 9. Nge2 Nxe2+ 10. Nxe2 Ne8 11. Bh6 f5 12. g3 fxe4 13. fxe4 Bxh6 14. Qxh6 Nf6 15. Qh4 Ng4 16. Qxd8 Rxd8 17. Re1 Nf2 18. Rg1 Nxe4 19. g4 Nf6 20. Nc3 Bxg4 21. Bd3 Bh5 22. h4 a6 23. Rg5 Rf8 24. Reg1 Kf7 25. Bf1 Bf3 26. Bc4 Ke7 27. R1g3 Bh5 28. Rg1 Nd7 29. Bd3 Nc5 30. Rxh5 Nxd3+ 31. cxd3 gxh5 32. Rg5 h6 33. Rxh5 Rh8 34. Ne4 Rag8 35. Kd2 c6 36. dxc6 bxc6 37. d4 exd4 38. Kd3 Rg4 39. b4 Rf8 40. Nd2 Rf6 41. a4 d5 42. b5 axb5 43. axb5 Re6 44. bxc6 Re3+ 45. Kc2 Rc3+ 46. Kd1 Rg1+ 47. Ke2 Rg2+ 48. Kd1 Rd3 0-1

[Event "ROM-chT (Women)"]
[Site "Eforie Nord"]
[Date "2023.09.29"]
[Round "7.2"]
[White "Ardelean, Lorela Daniela"]
[Black "Patru, Alexandra Ioana"]
[Result "1/2-1/2"]
[WhiteElo "1811"]
[BlackElo "1728"]
[PlyCount "48"]
[EventDate "2023.09.23"]
[EventType "team-tourn"]
[EventRounds "7"]
[EventCountry "ROU"]
[SourceTitle "CBM 216 Extra"]
[Source "ChessBase"]
[SourceDate "2023.11.30"]
[SourceVersion "1"]
[SourceVersionDate "2023.11.30"]
[SourceQuality "1"]
[WhiteTeam "Sighetu Marmatiei (W)"]
[BlackTeam "Ploiesti (W)"]
[WhiteTeamCountry "ROU"]
[BlackTeamCountry "ROU"]

1. d4 Nf6 2. Bf4 d5 3. e3 e6 4. Qf3 Bd6 5. Nc3 a6 6. g4 Nc6 7. 0-0-0 Bxf4 8. exf4 g6 9. Bg2 Qd6 10. Nge2 Bd7 11. Ng3 0-0-0 12. h4 Ne7 13. h5 gxh5 14. Nxh5 Nxh5 15. Rxh5 Ng6 16. f5 Nf4 17. fxe6 Bxe6 18. Re5 Nxg2 19. Qxg2 f6 20. Re3 Qf4 21. Kb1 Qxg4 22. Rg3 Qf5 23. Rf3 Qg4 24. Rg3 Qf5 1/2-1/2

[Event "ROM-ch U20 Girls"]
[Site "Calimanesti Caciulata"]
[Date "2018.03.31"]
[Round "5"]
[White "Ardelean, Lorela Daniela"]
[Black "Stanciu, Ioana Georgiana"]
[Result "1/2-1/2"]
[WhiteElo "1841"]
[BlackElo "1999"]
[PlyCount "110"]
[EventDate "2018.03.27"]
[EventType "tourn"]
[EventRounds "7"]
[EventCountry "ROU"]
[SourceTitle "EXT 2019"]
[Source "ChessBase"]
[SourceDate "2018.10.10"]
[SourceVersion "1"]
[SourceVersionDate "2018.10.10"]
[SourceQuality "1"]

1. d4 d5 2. Nc3 Nf6 3. Bf4 c5 4. e3 a6 5. a3 cxd4 6. exd4 Nc6 7. Nf3 Bg4 8. Be2 e6 9. h3 Bxf3 10. Bxf3 Bd6 11. Qd2 0-0 12. 0-0 Bxf4 13. Qxf4 Qb6 14. Ne2 Rac8 15. Rab1 Na5 16. c3 Nc4 17. Qc1 Qd6 18. Re1 b5 19. Nf4 a5 20. Nd3 Nd7 21. g3 Rc7 22. b4 axb4 23. axb4 Ra8 24. Nc5 Rca7 25. Be2 Ndb6 26. Bd3 Ra3 27. Rb3 Ra2 28. Re2 Rxe2 29. Bxe2 e5 30. Rb1 Ra2 31. Bxc4 dxc4 32. Ra1 Rxa1 33. Qxa1 exd4 34. cxd4 h6 35. h4 Nd5 36. Qe1 Qe7 37. Qxe7 Nxe7 38. Ne4 Nc6 39. d5 Nxb4 40. Nc3 Kf8 41. d6 Ke8 42. Nxb5 Kd7 43. Kf1 Nd5 44. Ke2 Nb6 45. Kd2 Kc6 46. d7 Nxd7 47. Nd4+ Kd5 48. Nf5 g6 49. Nxh6 f6 50. Ng4 Kd4 51. Ne3 Nc5 52. Nc2+ Kd5 53. g4 Ke5 54. h5 gxh5 55. gxh5 Kf5 1/2-1/2

[Event "ROM-ch U20 Girls"]
[Site "Baile Felix"]
[Date "2017.02.06"]
[Round "6"]
[White "Ardelean, Lorela Daniela"]
[Black "Stanciu, Ioana Georgiana"]
[Result "0-1"]
[WhiteElo "1846"]
[BlackElo "2046"]
[PlyCount "76"]
[EventDate "2017.02.02"]
[EventType "tourn"]
[EventRounds "10"]
[EventCountry "ROU"]
[SourceTitle "CBM 176 Extra"]
[Source "ChessBase"]
[SourceDate "2017.03.02"]
[SourceVersion "1"]
[SourceVersionDate "2017.03.02"]
[SourceQuality "1"]

1. d4 Nf6 2. Bf4 g6 3. Nc3 Bg7 4. e4 d6 5. f3 0-0 6. Qd2 Re8 7. 0-0-0 c6 8. Bh6 Bh8 9. h4 Qa5 10. g4 b5 11. Kb1 b4 12. Nce2 c5 13. h5 Nc6 14. hxg6 fxg6 15. g5 Nd7 16. Nf4 Nxd4 17. Bc4+ e6 18. Qh2 Ne5 19. Bf8 Kxf8 20. Nxg6+ Nxg6 21. Qxh7 Bg7 22. Qxg6 Qc7 23. Rh4 Bb7 24. Ne2 Nxe2 25. Rdh1 Qf7 26. Qxf7+ Kxf7 27. Bxe2 Rh8 28. Rf4+ Kg6 29. Rg1 Raf8 30. Rfg4 Bd4 31. Rd1 Rh2 32. Bc4 Rxf3 33. Bxe6 Rhf2 34. c3 bxc3 35. bxc3 Rxc3 36. Rh1 Ba6 37. Bf5+ Kg7 38. Rh7+ Kg8 0-1

[Event "Braila Albulet Memorial (Women) 9th"]
[Site "Braila"]
[Date "2016.11.10"]
[Round "7"]
[White "Gitu, Paula Alexandra"]
[Black "Ardelean, Lorela Daniela"]
[Result "1-0"]
[WhiteElo "1904"]
[BlackElo "1803"]
[PlyCount "83"]
[EventDate "2016.11.05"]
[EventType "swiss"]
[EventRounds "9"]
[EventCountry "ROU"]
[SourceTitle "CBM 175 Extra"]
[Source "ChessBase"]
[SourceDate "2016.12.12"]
[SourceVersion "1"]
[SourceVersionDate "2016.12.12"]
[SourceQuality "1"]

1. e4 c5 2. Nf3 e6 3. c3 d5 4. exd5 Qxd5 5. Na3 Nf6 6. d4 Nc6 7. Nb5 Qd8 8. dxc5 Bxc5 9. Qxd8+ Kxd8 10. Bf4 Ne4 11. Bg3 Nxg3 12. hxg3 f6 13. b4 Bb6 14. a4 a6 15. Nd6 Ke7 16. Nc4 Bc7 17. Bd3 h6 18. Ke2 f5 19. Bc2 Kf6 20. Ne3 Bd7 21. Rhd1 Rhd8 22. Bxf5 Bxg3 23. fxg3 exf5 24. Nd5+ Kf7 25. Nb6 Be6 26. Nxa8 Rxa8 27. Kf2 Rc8 28. Ra3 Ne7 29. Ne5+ Kg8 30. Nd7 Nd5 31. Nc5 Bf7 32. Nxb7 Rxc3 33. Rxc3 Nxc3 34. Rd8+ Kh7 35. Nc5 Bc4 36. Rd4 Be2 37. Ke1 Bh5 38. Rd3 Ne2 39. Nxa6 f4 40. gxf4 Nxf4 41. Rd2 Bg6 42. Nc5 1-0

[Event "Braila Albulet Memorial (Women) 9th"]
[Site "Braila"]
[Date "2016.11.08"]
[Round "4"]
[White "Ardelean, Lorela Daniela"]
[Black "Petrenko, Svetlana"]
[Result "0-1"]
[WhiteElo "1803"]
[BlackElo "2162"]
[PlyCount "84"]
[EventDate "2016.11.05"]
[EventType "swiss"]
[EventRounds "9"]
[EventCountry "ROU"]
[SourceTitle "CBM 175 Extra"]
[Source "ChessBase"]
[SourceDate "2016.12.12"]
[SourceVersion "1"]
[SourceVersionDate "2016.12.12"]
[SourceQuality "1"]

1. e4 e5 2. Bc4 d6 3. Nc3 c6 4. Nf3 Be7 5. d4 Nd7 6. dxe5 dxe5 7. Ng5 Bxg5 8. Qh5 g6 9. Qxg5 Qxg5 10. Bxg5 b5 11. Be2 Nc5 12. 0-0-0 Ne6 13. Be3 f5 14. exf5 gxf5 15. Nxb5 cxb5 16. Bxb5+ Kf7 17. Bc6 Rb8 18. Bxa7 Rb4 19. c3 Rg4 20. Rhe1 Ne7 21. Bf3 Ra4 22. Bb6 e4 23. Bh5+ Kf6 24. Kb1 Rg8 25. g3 Bb7 26. Rd6 Nc8 27. Rd7 Bc6 28. Rf7+ Kg5 29. g4 fxg4 30. Bxg4 Nxb6 31. Bxe6 Rg6 32. Bb3 Ra8 33. Rxh7 Rf8 34. h4+ Kf4 35. h5 Rgf6 36. Rg7 Kf3 37. Bd1+ Kxf2 38. Re2+ Kf1 39. Reg2 e3 40. Rg1+ Kf2 41. R1g5 Rd8 42. Kc1 Rxd1+ 0-1

[Event "Braila Albulet Memorial (Women) 9th"]
[Site "Braila"]
[Date "2016.11.07"]
[Round "3"]
[White "Uzuneanu, Gabriela"]
[Black "Ardelean, Lorela Daniela"]
[Result "0-1"]
[WhiteElo "1569"]
[BlackElo "1803"]
[PlyCount "72"]
[EventDate "2016.11.05"]
[EventType "swiss"]
[EventRounds "9"]
[EventCountry "ROU"]
[SourceTitle "CBM 175 Extra"]
[Source "ChessBase"]
[SourceDate "2016.12.12"]
[SourceVersion "1"]
[SourceVersionDate "2016.12.12"]
[SourceQuality "1"]

1. e4 c5 2. Nf3 e6 3. b3 a6 4. Bb2 b5 5. d4 cxd4 6. Nxd4 Bb7 7. Nd2 Qc7 8. Bd3 d5 9. Qe2 Nd7 10. exd5 Bxd5 11. Be4 Ngf6 12. Bxd5 Nxd5 13. c4 bxc4 14. Nxc4 Nf4 15. Qf3 Bb4+ 16. Kf1 0-0 17. g3 Nd5 18. Kg2 Ne5 19. Nxe5 Qxe5 20. Rhd1 Ne7 21. Rab1 Qa5 22. a4 Rac8 23. Rbc1 Rxc1 24. Rxc1 Rd8 25. Qe2 h6 26. Kg1 Qb6 27. Qe4 Bc5 28. Rc4 Rd5 29. Kg2 Nf5 30. Nxf5 Rxf5 31. Bd4 Bxd4 32. Rxd4 a5 33. Rd2 g6 34. g4 Rc5 35. Qe3 Kh7 36. Rc2 Qc6+ 0-1

[Event "ROM-ch U18 Girls"]
[Site "Calimanesti Caciulata"]
[Date "2016.04.22"]
[Round "6"]
[White "Trimbitaru, Cornelia"]
[Black "Ardelean, Lorela Daniela"]
[Result "0-1"]
[WhiteElo "1424"]
[BlackElo "1713"]
[PlyCount "78"]
[EventDate "2016.04.18"]
[EventType "swiss"]
[EventRounds "9"]
[EventCountry "ROU"]
[SourceTitle "CBM 172 Extra"]
[Source "ChessBase"]
[SourceDate "2016.06.21"]
[SourceVersion "1"]
[SourceVersionDate "2016.06.21"]
[SourceQuality "1"]

1. d4 d5 2. c4 e6 3. Nf3 c6 4. cxd5 exd5 5. Nc3 Bd6 6. e3 f5 7. Bd3 Nf6 8. 0-0 0-0 9. Qc2 Ne4 10. Ne5 Nd7 11. f4 Rf6 12. Bd2 Rh6 13. Be1 Be7 14. Nxe4 fxe4 15. Be2 Qe8 16. Bg3 Bh4 17. Bxh4 Rxh4 18. g3 Rh6 19. Rf2 Rf6 20. Kf1 Nxe5 21. dxe5 Bh3+ 22. Ke1 Rf8 23. Rd1 Qe6 24. a3 a5 25. Qc5 Rfb8 26. Qb6 Qd7 27. Rd2 Rc8 28. Rc2 a4 29. Rc5 d4 30. exd4 Qxd4 31. Qb4 Qxb4+ 32. axb4 a3 33. bxa3 Rxa3 34. Bc4+ Kf8 35. Ba2 Rd8 36. b5 Bg4 37. Kf1 e3 38. Rb2 Bf3 39. Rc1 Rd2 0-1

[Event "Braila Albulet Memorial (Women) 8th"]
[Site "Braila"]
[Date "2015.09.16"]
[Round "9"]
[White "Olinici, Ecaterina"]
[Black "Ardelean, Lorela Daniela"]
[Result "1-0"]
[WhiteElo "1424"]
[BlackElo "1841"]
[PlyCount "53"]
[EventDate "2015.09.10"]
[EventType "swiss"]
[EventRounds "9"]
[EventCountry "ROU"]
[SourceTitle "EXT 2016"]
[Source "ChessBase"]
[SourceDate "2015.10.08"]
[SourceVersion "1"]
[SourceVersionDate "2015.10.08"]
[SourceQuality "1"]

1. e4 c5 2. Nf3 b6 3. Be2 e6 4. c3 d5 5. exd5 Qxd5 6. d4 cxd4 7. Qxd4 Qxd4 8. Nxd4 Nf6 9. Bf3 Nd5 10. c4 Nb4 11. Bxa8 Bc5 12. 0-0 Bxd4 13. Nd2 Nd3 14. Rb1 Nxc1 15. Rfxc1 0-0 16. Nf3 Bf6 17. Rd1 Nd7 18. Bc6 Ne5 19. Nxe5 Bxe5 20. Rd2 Bc7 21. Rbd1 g6 22. Bd7 Ba6 23. Bb5 Bc8 24. b4 Kg7 25. Bc6 Kf6 26. g3 Ke7 27. Rd7+ 1-0

[Event "Braila Albulet Memorial (Women) 8th"]
[Site "Braila"]
[Date "2015.09.13"]
[Round "5"]
[White "Ardelean, Lorela Daniela"]
[Black "Coman, Emilia Florentina"]
[Result "1-0"]
[WhiteElo "1841"]
[BlackElo "1769"]
[PlyCount "64"]
[EventDate "2015.09.10"]
[EventType "swiss"]
[EventRounds "9"]
[EventCountry "ROU"]
[SourceTitle "EXT 2016"]
[Source "ChessBase"]
[SourceDate "2015.10.08"]
[SourceVersion "1"]
[SourceVersionDate "2015.10.08"]
[SourceQuality "1"]

1. e4 e6 2. f4 d5 3. e5 c5 4. Nf3 Nc6 5. c3 Nh6 6. Na3 Be7 7. Nc2 Nf5 8. Bd3 Nh6 9. b3 a6 10. a4 Na5 11. Rb1 0-0 12. Ne3 Rb8 13. Bc2 Nc6 14. d4 cxd4 15. Nxd4 f6 16. Nf3 Nf7 17. Qd3 f5 18. 0-0 g5 19. g3 g4 20. Nxg4 h5 21. Ne3 Nh6 22. h3 Kh8 23. Kh1 Rg8 24. Rg1 Rg7 25. Bd2 b6 26. Rg2 Bb7 27. Nd4 Nxd4 28. cxd4 Bc8 29. Rd1 b5 30. g4 hxg4 31. hxg4 fxg4 32. Nxg4 Nf5 1-0

[Event "ROM-ch U16 Girls"]
[Site "Calimanesti"]
[Date "2014.04.09"]
[Round "4"]
[White "Ardelean, Lorela Daniela"]
[Black "Corolea, Diana Gabriela"]
[Result "1-0"]
[WhiteElo "1224"]
[BlackElo "1598"]
[PlyCount "133"]
[EventDate "2014.04.06"]
[EventType "swiss"]
[EventRounds "9"]
[EventCountry "ROU"]
[SourceTitle "CBM 160 Extra"]
[Source "ChessBase"]
[SourceDate "2014.07.01"]
[SourceVersion "1"]
[SourceVersionDate "2014.07.01"]
[SourceQuality "1"]

1. e4 e6 2. d4 d5 3. Nd2 c5 4. c3 Nc6 5. Ngf3 Bd7 6. Bd3 Qb6 7. exd5 exd5 8. Qc2 Nge7 9. dxc5 Qxc5 10. Nb3 Qd6 11. Be3 g6 12. Qd2 Bf5 13. Nbd4 Bxd3 14. Qxd3 Bg7 15. 0-0 0-0 16. Rad1 Rfe8 17. Rfe1 a6 18. Nb3 Rad8 19. Nbd4 Ne5 20. Nxe5 Bxe5 21. Nf3 Bf4 22. Bxf4 Qxf4 23. Nd4 Nf5 24. Rxe8+ Rxe8 25. Nxf5 Qxf5 26. Qxf5 gxf5 27. Kf1 Rd8 28. Rd4 Kg7 29. c4 Kf6 30. cxd5 Ke5 31. Rh4 Rh8 32. Rh5 Kf4 33. h3 b5 34. d6 Ke4 35. Ke2 f4 36. d7 f5 37. d8Q Rxd8 38. Rxh7 Rg8 39. Re7+ Kd5 40. Kf3 Rc8 41. Re2 Rc4 42. h4 Kd4 43. Rd2+ Ke5 44. h5 a5 45. h6 Kf6 46. Rd6+ Kf7 47. h7 Kg7 48. Rd7+ Kh8 49. Rf7 Rc2 50. b3 Rxa2 51. Rxf5 b4 52. Rxf4 Kxh7 53. Re4 Ra3 54. Re3 a4 55. bxa4 b3 56. Re7+ Kg6 57. Rb7 b2+ 58. Kg4 Rxa4+ 59. f4 Ra2 60. Rb6+ Kg7 61. g3 Kf7 62. f5 Ra4+ 63. Kg5 Ra3 64. Rb7+ Kg8 65. g4 Ra2 66. Kg6 Kf8 67. f6 1-0

[Event "ROM-ch U16 Girls"]
[Site "Calimanesti"]
[Date "2014.04.09"]
[Round "5"]
[White "Stanciu, Ioana Georgiana"]
[Black "Ardelean, Lorela Daniela"]
[Result "1-0"]
[WhiteElo "1789"]
[BlackElo "1224"]
[PlyCount "61"]
[EventDate "2014.04.06"]
[EventType "swiss"]
[EventRounds "9"]
[EventCountry "ROU"]
[SourceTitle "CBM 160 Extra"]
[Source "ChessBase"]
[SourceDate "2014.07.01"]
[SourceVersion "1"]
[SourceVersionDate "2014.07.01"]
[SourceQuality "1"]

1. e4 d5 2. exd5 Qxd5 3. Nf3 Bg4 4. Be2 Nc6 5. d4 0-0-0 6. c4 Qd7 7. d5 Bxf3 8. Bxf3 Ne5 9. Be2 e6 10. Qd4 Nc6 11. Qf4 Bd6 12. dxc6 Qxc6 13. Qf3 Qb6 14. 0-0 Qd4 15. Nc3 h5 16. Nb5 Qh4 17. Nxd6+ Rxd6 18. Bf4 Rd8 19. Rad1 g5 20. Bg3 Qg4 21. Rxd8+ Kxd8 22. Rd1+ Kc8 23. Qd3 Nf6 24. Bxg4 hxg4 25. Be5 g3 26. hxg3 b6 27. Bxf6 Rh6 28. Qd8+ Kb7 29. Rd7 Rxf6 30. Qxc7+ Ka6 31. Qxa7# 1-0

[Event "ROM-ch U10 Girls"]
[Site "Voineasa"]
[Date "2008.04.18"]
[Round "9"]
[White "Ardelean, Lorela Daniela"]
[Black "Dumitras, Teodora Iarina"]
[Result "1-0"]
[WhiteElo "411"]
[BlackElo "599"]
[PlyCount "181"]
[EventDate "2008.04.08"]
[EventType "swiss"]
[EventRounds "9"]
[EventCountry "ROU"]
[SourceTitle "EXT 2013"]
[Source "ChessBase"]
[SourceDate "2012.11.22"]
[SourceVersion "1"]
[SourceVersionDate "2012.11.22"]
[SourceQuality "1"]

1. e4 e5 2. Nf3 d6 3. Bc4 Nf6 4. d3 Bg4 5. Nc3 Be7 6. Nd5 Nbd7 7. Be3 0-0 8. Qd2 Bxf3 9. gxf3 Nxd5 10. Bxd5 Re8 11. 0-0-0 Nc5 12. Rdg1 g6 13. Rg2 c6 14. Bxc5 cxd5 15. Be3 d4 16. Bh6 Bf8 17. Rg3 Rc8 18. h4 Qc7 19. Bxf8 Rxf8 20. h5 b5 21. hxg6 fxg6 22. Kb1 b4 23. b3 a5 24. Rc1 Qc3 25. Qh6 Rf7 26. Qh3 Rfc7 27. Qe6+ Kg7 28. Qxd6 Re8 29. Qd5 a4 30. bxa4 Ree7 31. Qb3 Qd2 32. Rg2 Qe2 33. Rh2 Qxf3 34. Rch1 Kh8 35. Ka1 Qe2 36. f4 Qf3 37. fxe5 Rxe5 38. Qxb4 Rec5 39. Qxd4+ Kg8 40. Qd8+ Qf8 41. Qxf8+ Kxf8 42. Rf1+ Kg7 43. Kb2 Rb7+ 44. Ka3 Ra5 45. Rfh1 h5 46. c4 Kf6 47. Rf2+ Ke5 48. Rd1 h4 49. Rg2 Rba7 50. Rxg6 Rxa4+ 51. Kb3 Rxa2 52. c5 R2a3+ 53. Kc4 R7a4+ 54. Kb5 Ra5+ 55. Kb4 R3a4+ 56. Kb3 Kd4 57. c6 Ra3+ 58. Kb4 R3a4+ 59. Kb3 Ra3+ 60. Kb2 Ra2+ 61. Kb3 R5a3+ 62. Kb4 Ra4+ 63. Kb5 Ra7 64. Rd6+ Ke5 65. Rd5+ Ke6 66. Rc1 R2a5+ 67. Kb4 Ra4+ 68. Kb5 R4a5+ 69. Kc4 Ra4+ 70. Kc3 Ra3+ 71. Kd4 R3a4+ 72. Ke3 Rc7 73. Rg1 Raa7 74. Rg4 h3 75. Rg6+ Kf7 76. Rh6 Kg8 77. Rg5+ Kf7 78. Rgh5 h2 79. Rxh2 Kg8 80. Rg2+ Kf7 81. Rh7+ Kf8 82. Rxc7 Rxc7 83. Rf2+ Kg7 84. Rc2 Kf7 85. d4 Ke7 86. d5 Kd6 87. Kd4 Ke7 88. e5 Kf7 89. d6 Rc8 90. d7 Rd8 91. Ke4 1-0